| 000 | 00420nam a22001697a 4500 | ||
|---|---|---|---|
| 003 | LK-CoDNM | ||
| 005 | 20250117142416.0 | ||
| 008 | 250115b |||||||| |||| 00| 0 eng d | ||
| 040 |
_aLK-CoDNM _dLK-CoDNM _eLK-CoDNM |
||
| 041 | _aeng | ||
| 080 |
_a11 _bR17 |
||
| 245 |
_aTropical Agriculturist - September _bVol.xxxix |
||
| 260 |
_aColombo _c1912 |
||
| 300 | _a264p. : ill , 24 cm | ||
| 650 | _aScience | ||
| 942 | _cBK | ||
| 999 |
_c236807 _d236807 |
||